000 00376nam a22001337a 4500
008 140122b xxu||||| |||| 00| 0 eng d
050 _aPR4300.M155
100 _aBurns, Robert
_96975
245 _aThe Poems and songs of Robert Burns 1759-1796
260 _aLondon
_bCollins
_cno date
300 _a648p.
_c15cm
700 _aMacKenna, J. (ed)
_96976
942 _2lcc
_cMONOGRAPH
999 _c119661
_d119661